|
|
|
|
| LEADER |
02210nam a22003257a 4500 |
| 001 |
AAL8030 |
| 003 |
BD-DhAAL |
| 005 |
20160222111835.0 |
| 008 |
160222m20142001bg a|||| b||| 00| 0 ben d |
| 020 |
|
|
|a 9848229167
|
| 040 |
|
|
|a BD-DhAAL
|c BD-DhAAL
|
| 082 |
|
|
|a 320.95492
|
| 100 |
|
|
|a হারুন-অর-রশিদ
|9 18098
|
| 245 |
|
|
|a বাংলাদেশ রাজনীতি সরকার ও শাসনতান্ত্রিক উন্নয়ন :
|b ১৭৫৭-২০০০ /
|c হারুন-অর-রশিদ
|
| 260 |
|
|
|a ঢাকা :
|b নিউ এজ পাবলিকেশন্স,
|c ২০১৪
|
| 300 |
|
|
|a ৪২৯ পৃ. :
|b চিত্র ;
|c ২২ সে.মি.
|
| 504 |
|
|
|6 Includes bibliographies
|
| 541 |
|
|
|e 8230
|
| 650 |
|
|
|a Constitutional history
|x Bangladesh.
|9 18099
|
| 651 |
|
|
|a Bangladesh
|x Politics and government
|9 18100
|
| 852 |
|
|
|a Savar Campus Library
|c General Shelf
|
| 942 |
|
|
|2 ddc
|c BK
|
| 999 |
|
|
|c 36906
|d 36906
|
| 952 |
|
|
|0 0
|1 0
|2 ddc
|4 0
|6 320_954920000000000_HAR
|7 1
|9 58094
|a SCL
|b SCL
|c GEN
|d 2016-02-22
|g 280.00
|l 3
|o 320.95492 HAR
|p 3020008230
|r 2023-08-20
|s 2023-08-13
|t 1
|w 2016-02-22
|y BK
|
| 952 |
|
|
|0 0
|1 0
|2 ddc
|4 0
|6 320_954920000000000_HAR
|7 0
|9 58095
|a SCL
|b SCL
|c GEN
|d 2016-02-22
|g 290.00
|l 14
|m 13
|o 320.95492 HAR
|p 3020008389
|r 2023-08-26
|s 2023-08-12
|t 2
|w 2016-02-22
|y BK
|
| 952 |
|
|
|0 0
|1 0
|2 ddc
|4 0
|6 320_954920000000000_HAR
|7 0
|9 58096
|a SCL
|b SCL
|c GEN
|d 2016-02-22
|g 290.00
|l 14
|m 28
|o 320.95492 HAR
|p 3020008386
|r 2023-12-08
|s 2023-12-06
|t 3
|w 2016-02-22
|y BK
|
| 952 |
|
|
|0 0
|1 0
|2 ddc
|4 0
|6 320_954920000000000_HAR
|7 0
|9 58097
|a SCL
|b SCL
|c GEN
|d 2016-02-22
|g 290.00
|l 14
|m 23
|o 320.95492 HAR
|p 3020008387
|r 2024-04-28
|s 2024-04-24
|t 4
|w 2016-02-22
|y BK
|
| 952 |
|
|
|0 0
|1 0
|2 ddc
|4 0
|6 320_954920000000000_HAR
|7 0
|9 58098
|a SCL
|b SCL
|c GEN
|d 2016-02-22
|g 290.00
|l 17
|m 33
|o 320.95492 HAR
|p 3020008388
|r 2025-01-11
|s 2024-12-22
|t 5
|w 2016-02-22
|y BK
|
| 952 |
|
|
|0 0
|1 0
|2 ddc
|4 0
|6 320_954920000000000_HAR
|7 0
|9 58100
|a SCL
|b SCL
|c GEN
|d 2016-02-22
|g 280.00
|l 4
|m 15
|o 320.95492 HAR
|p 3020008229
|r 2023-12-07
|s 2023-11-28
|t 6
|w 2016-02-22
|y BK
|
| 952 |
|
|
|0 0
|1 0
|2 ddc
|4 0
|6 320_954920000000000_HAR
|7 0
|9 58131
|a SCL
|b SCL
|c GEN
|d 2016-02-24
|g 290.00
|l 18
|m 48
|o 320.95492 HAR
|p 3020008385
|r 2024-03-27
|s 2024-03-20
|t 7
|w 2016-02-24
|y BK
|